[Event "FIDE World Cup 2021"]
[Site "Krasnaya Polyana (Sochi) RUS"]
[Date "2021.07.23"]
[EventDate "2021.07.12"]
[Round "4.2"]
[Result "0-1"]
[White "Vladislav Kovalev"]
[Black "Vladimir Fedoseev"]
[WhiteElo "2637"]
[BlackElo "2696"]
[PlyCount "70"]

1. e4 c5 2. Nc3 d6 3. d4 cxd4 4. Qxd4 Nc6 5. Qd2 g6 6. b3 Bh6 7. f4 Nf6 8.
Bb2 e5 9. g3 O-O 10. O-O-O exf4 11. gxf4 Nh5 12. Nd5 Be6 13. Kb1 Bxd5 14.
exd5 Ne5 15. Ne2 Qh4 16. Qb4 Ng4 17. h3 Ngf6 18. Qxb7 Ne4 19. Rg1 Bg7 20.
Bxg7 Nxg7 21. Bg2 Nc5 22. Qb4 Rfe8 23. Nc3 a5 24. Qb6 Nf5 25. Nb5 Reb8 26.
Qc6 Qd8 27. Nc7 Rc8 28. Nxa8 Rxc6 29. dxc6 Qxa8 30. Rge1 Kf8 31. Rd2 Qb8
32. Rde2 Ne6 33. Re4 Ne7 34. Rd1 d5 35. Ra4 Nxf4 0-1

[Event "FIDE World Cup 2021"]
[Site "Krasnaya Polyana (Sochi) RUS"]
[Date "2021.07.23"]
[EventDate "2021.07.12"]
[Round "4.2"]
[Result "0-1"]
[White "Vasif Durarbayli"]
[Black "Nodirbek Abdusattorov"]
[WhiteElo "2675"]
[BlackElo "2634"]
[PlyCount "118"]

1. e4 e5 2. Nf3 d6 3. d4 exd4 4. Nxd4 Nf6 5. Nc3 Be7 6. Bf4 O-O 7. Qd2 Nc6
8. O-O-O Nxd4 9. Qxd4 Be6 10. e5 Ng4 11. Bg3 Nxe5 12. Bxe5 dxe5 13. Qxe5
Bd6 14. Qd4 Qg5+ 15. Kb1 Be5 16. Qc5 b6 17. Qe3 Qxe3 18. fxe3 Rad8 19. Bd3
Bxc3 20. bxc3 Rd5 21. Kb2 g6 22. Rhf1 Re8 23. Rf4 Re5 24. Ra4 a5 25. e4 Rh5
26. h3 Rg5 27. Rd2 Bd7 28. Rd4 Bc6 29. Rf2 Re7 30. Bc4 Kg7 31. Bd5 Be8 32.
Ba8 Rge5 33. Rd8 c6 34. Rc8 Rb5+ 35. Kc1 Rc5 36. Rd2 Rxe4 37. Rdd8 Re1+ 38.
Kb2 Rce5 39. c4 c5 40. Rb8 Ba4 41. Bf3 Re6 42. Rd2 Rf6 43. Ka3 Be8 44. Rdd8
Re3+ 45. Kb2 Ba4 46. Rd2 h5 47. Rdd8 Rf4 48. Rd3 Re6 49. Kc3 h4 50. Rb7 Kh6
51. Rc7 Re1 52. Rb7 Rf6 53. Rd2 Kg5 54. Bd5 Be8 55. Rd3 Rf2 56. Bf3 Ba4 57.
Rd5+ f5 58. Rxb6 Rxc2+ 59. Kd3 Kf4 0-1

[Event "FIDE World Cup 2021"]
[Site "Krasnaya Polyana (Sochi) RUS"]
[Date "2021.07.23"]
[EventDate "2021.07.12"]
[Round "4.2"]
[Result "1/2-1/2"]
[White "Alexander Grischuk"]
[Black "Anton Korobov"]
[WhiteElo "2778"]
[BlackElo "2698"]
[PlyCount "62"]

1. e4 e5 2. Nf3 Nc6 3. Bc4 Bc5 4. c3 Nf6 5. d3 a6 6. O-O d6 7. Re1 Ba7 8.
a4 h6 9. Nbd2 O-O 10. Nf1 Ne7 11. Ng3 c6 12. Bb3 Ng6 13. h3 d5 14. exd5
Nxd5 15. d4 exd4 16. Nxd4 Be6 17. Bc2 Bd7 18. Bb3 Qa5 19. Bxd5 Qxd5 20.
Ndf5 Qxd1 21. Rxd1 Bxf5 22. Nxf5 Rfd8 23. Be3 Bxe3 24. Nxe3 b5 25. Nf5
Rxd1+ 26. Rxd1 bxa4 27. Ra1 Rb8 28. Rxa4 Rb5 29. Nd4 Rxb2 30. Nxc6 Rc2 31.
Nd4 Rxc3 1/2-1/2

[Event "FIDE World Cup 2021"]
[Site "Krasnaya Polyana (Sochi) RUS"]
[Date "2021.07.23"]
[EventDate "2021.07.12"]
[Round "4.2"]
[Result "1/2-1/2"]
[White "Ante Brkic"]
[Black "Haik M Martirosyan"]
[WhiteElo "2699"]
[BlackElo "2632"]
[PlyCount "84"]

1. e4 e5 2. Nf3 Nc6 3. Bb5 Nf6 4. d3 Bc5 5. c3 O-O 6. O-O d5 7. exd5 Qxd5
8. Bc4 Qd8 9. Nbd2 Bf5 10. Qe2 Qe7 11. Ne4 Nxe4 12. dxe4 Be6 13. b4 Bd6 14.
Be3 f6 15. Nd2 Qf7 16. a4 Rfd8 17. a5 a6 18. Bxe6 Qxe6 19. b5 axb5 20. Qxb5
Bf8 21. Rfb1 Rdb8 22. h4 Ra6 23. Nb3 Nd8 24. c4 c6 25. Qa4 b5 26. cxb5 cxb5
27. Qa2 Nc6 28. Qb2 Bb4 29. Bb6 Qc4 30. Rc1 Qxe4 31. Nc5 Bxc5 32. Rxc5 Nd4
33. Ra3 Raa8 34. Re3 Qxh4 35. Rc7 Rc8 36. Qa2+ Kh8 37. Qd5 Qg4 38. f3 Qg5
39. Rd3 Qh4 40. Kf1 Qh1+ 41. Kf2 Qh4+ 42. Kf1 Qh1+ 1/2-1/2

[Event "FIDE World Cup 2021"]
[Site "Krasnaya Polyana (Sochi) RUS"]
[Date "2021.07.23"]
[EventDate "2021.07.12"]
[Round "4.2"]
[Result "1-0"]
[White "Vachier-Lagrave, Maxime"]
[Black "R Praggnanandhaa"]
[WhiteElo "2749"]
[BlackElo "2699"]
[PlyCount "66"]

1. e4 c5 2. Nf3 e6 3. d4 cxd4 4. Nxd4 Nf6 5. Nc3 Nc6 6. Nxc6 bxc6 7. e5 Nd5
8. Ne4 Qc7 9. f4 Qb6 10. c4 Bb4+ 11. Ke2 f5 12. exf6 Nxf6 13. Be3 Qd8 14.
Nd6+ Bxd6 15. Qxd6 Bb7 16. Kd1 c5 17. Qxc5 Be4 18. Be2 d6 19. Qd4 O-O 20.
Kc1 Qc7 21. b3 e5 22. fxe5 dxe5 23. Qc5 Qb7 24. Kb2 Nd5 25. cxd5 Rfc8 26.
Rac1 Rxc5 27. Rxc5 h6 28. d6 Bxg2 29. Rd1 Qe4 30. Bc4+ Kh8 31. d7 Qxe3 32.
Rc8+ Kh7 33. d8=Q 1-0

[Event "FIDE World Cup 2021"]
[Site "Krasnaya Polyana (Sochi) RUS"]
[Date "2021.07.23"]
[EventDate "2021.07.12"]
[Round "4.2"]
[Result "1/2-1/2"]
[White "Kacper Piorun"]
[Black "Javokhir Sindarov"]
[WhiteElo "2688"]
[BlackElo "2558"]
[PlyCount "58"]

1. e4 c5 2. Nf3 e6 3. c3 Nf6 4. e5 Nd5 5. d4 cxd4 6. cxd4 d6 7. Bc4 Nb6 8.
Bd3 Nc6 9. O-O dxe5 10. dxe5 Nb4 11. Be4 Qxd1 12. Rxd1 Bd7 13. Bxb7 Nc2 14.
Bxa8 Nxa8 15. Nc3 Nxa1 16. Ne1 Bc5 17. Bf4 Nb6 18. Ne4 Be7 19. Rxa1 Nd5 20.
Bd2 O-O 21. Rc1 Rb8 22. Nd3 f6 23. f3 Kf7 24. b4 Be8 25. Nec5 Rd8 26. Nb7
Rb8 27. Nbc5 Rd8 28. Nb7 Rb8 29. Nbc5 1/2-1/2

[Event "FIDE World Cup 2021"]
[Site "Krasnaya Polyana (Sochi) RUS"]
[Date "2021.07.23"]
[EventDate "2021.07.12"]
[Round "4.2"]
[Result "1-0"]
[White "Pavel Ponkratov"]
[Black "Etienne Bacrot"]
[WhiteElo "2629"]
[BlackElo "2703"]
[PlyCount "94"]

1. e4 c5 2. Nf3 d6 3. d4 cxd4 4. Nxd4 Nf6 5. Nc3 Nc6 6. Bg5 e6 7. Qd2 a6 8.
O-O-O Bd7 9. f4 Be7 10. Nf3 b5 11. e5 b4 12. exf6 bxc3 13. Qxc3 gxf6 14.
Bh4 Rg8 15. Kb1 Rb8 16. Bf2 f5 17. Nd4 Bf6 18. Bxa6 Rxg2 19. Rhg1 Rg6 20.
Bc4 Qb6 21. Rg3 Ne7 22. Bb3 Qb4 23. Qd3 d5 24. Qe2 Qd6 25. Be3 Kf8 26. Qh5
Kg8 27. Nf3 Rb4 28. Ne5 Be8 29. Nxg6 hxg6 30. Qf3 Qb8 31. h4 Bxh4 32. Rh3
Bf6 33. Qf2 g5 34. fxg5 Bg7 35. Bc5 Rf4 36. Qh2 Ng6 37. c3 Qb5 38. Bd4 e5
39. Bf2 Bc6 40. Bc2 Bd7 41. Rhd3 Be6 42. Bb3 d4 43. cxd4 e4 44. Rc3 Bxb3
45. Rxb3 Qe2 46. Rb8+ Bf8 47. Rh1 1-0

[Event "FIDE World Cup 2021"]
[Site "Krasnaya Polyana (Sochi) RUS"]
[Date "2021.07.23"]
[EventDate "2021.07.12"]
[Round "4.2"]
[Result "1/2-1/2"]
[White "Vladislav Artemiev"]
[Black "Sergey Karjakin"]
[WhiteElo "2704"]
[BlackElo "2757"]
[PlyCount "72"]

1. d4 Nf6 2. c4 e6 3. Nc3 Bb4 4. e3 O-O 5. Bd2 d5 6. Nf3 b6 7. Rc1 Ba6 8.
Qa4 Be7 9. cxd5 Bxf1 10. Kxf1 exd5 11. g3 c5 12. Kg2 Qd7 13. Qxd7 Nbxd7 14.
Ne5 cxd4 15. Nc6 Rfe8 16. Nxd4 Nc5 17. Ncb5 Rec8 18. Bb4 Bf8 19. Rhd1 g6
20. Ne2 a6 21. Nbc3 Nce4 22. Nxe4 Nxe4 23. Bxf8 Kxf8 24. Rxd5 Rxc1 25. Nxc1
Rc8 26. Nd3 Rc2 27. g4 Nd2 28. Rd4 a5 29. h4 Nc4 30. Ne1 Rc1 31. Nd3 Rc2
32. Ne1 Rc1 33. Nf3 Nxb2 34. Ne5 Ke7 35. g5 Ke6 36. Nd7 1/2-1/2

[Event "FIDE World Cup 2021"]
[Site "Krasnaya Polyana (Sochi) RUS"]
[Date "2021.07.23"]
[EventDate "2021.07.12"]
[Round "4.2"]
[Result "1-0"]
[White "Santosh Gujrathi Vidit"]
[Black "Jeffery Xiong"]
[WhiteElo "2726"]
[BlackElo "2709"]
[PlyCount "86"]

1. d4 d6 2. Nf3 Nf6 3. c4 g6 4. g3 Bg7 5. Bg2 Bf5 6. Qb3 Qc8 7. Nc3 c6 8.
O-O O-O 9. Re1 Bg4 10. e4 Bxf3 11. Bxf3 e5 12. dxe5 dxe5 13. c5 Na6 14. Be3
Nc7 15. Rad1 Ne6 16. Qc4 h5 17. Ne2 Rd8 18. Bg2 Ng4 19. Bc1 Rxd1 20. Rxd1
Qf8 21. f3 Nf6 22. b4 a5 23. a3 axb4 24. axb4 Ne8 25. f4 Qe7 26. Bh3 N8c7
27. f5 gxf5 28. Bxf5 Nb5 29. Bb2 Bf6 30. Qb3 Ned4 31. Nxd4 exd4 32. Qf3 Nc3
33. Rd2 Ra4 34. Qxh5 Rxb4 35. Kg2 Na4 36. Bc1 Kf8 37. Ra2 Qe5 38. Bf4 Qxc5
39. Qh6+ Ke7 40. e5 Qd5+ 41. Kh3 Bxe5 42. Re2 f6 43. Rxe5+ 1-0

[Event "FIDE World Cup 2021"]
[Site "Krasnaya Polyana (Sochi) RUS"]
[Date "2021.07.23"]
[EventDate "2021.07.12"]
[Round "4.2"]
[Result "1/2-1/2"]
[White "Velimir Ivic"]
[Black "Dmitry Andreikin"]
[WhiteElo "2710"]
[BlackElo "2724"]
[PlyCount "102"]

1. e4 e6 2. d4 d5 3. Nc3 dxe4 4. Nxe4 Nd7 5. Nf3 Ngf6 6. Nxf6+ Nxf6 7. Be3
Bd6 8. Bd3 O-O 9. Qe2 b6 10. O-O-O Bb7 11. Kb1 c5 12. Bg5 Qc7 13. Bxf6 gxf6
14. d5 Bxd5 15. Nh4 Rfd8 16. Qh5 f5 17. Bxf5 Bxa2+ 18. Kxa2 exf5 19. Qg5+
Kh8 20. Qf6+ Kg8 21. Rhe1 Bf8 22. Nxf5 Rxd1 23. Qg5+ Kh8 24. Qf6+ Kg8 25.
Re4 Rd4 26. Qg5+ Kh8 27. Qf6+ Kg8 28. Nxd4 Qc8 29. Nf5 Qa6+ 30. Kb3 c4+ 31.
Rxc4 Qb5+ 32. Kc3 Qa5+ 33. Kb3 Qb5+ 34. Kc3 Qa5+ 35. Kd3 Qd5+ 36. Rd4 Qxg2
37. Rd7 Qf3+ 38. Kd2 Qxf2+ 39. Kc1 Qg1+ 40. Rd1 Qg6 41. Qd4 Qxf5 42. Rg1+
Qg6 43. Rxg6+ hxg6 44. Qd7 a5 45. Qb7 Re8 46. Qxb6 Re5 47. c3 Rh5 48. Qb8
Kg7 49. b4 axb4 50. cxb4 Bxb4 51. Qxb4 Rf5 1/2-1/2

[Event "FIDE World Cup 2021"]
[Site "Krasnaya Polyana (Sochi) RUS"]
[Date "2021.07.23"]
[EventDate "2021.07.12"]
[Round "4.2"]
[Result "1/2-1/2"]
[White "Nikita Vitiugov"]
[Black "Peter Svidler"]
[WhiteElo "2724"]
[BlackElo "2714"]
[PlyCount "78"]

1. d4 Nf6 2. c4 g6 3. Nc3 d5 4. cxd5 Nxd5 5. e4 Nxc3 6. bxc3 Bg7 7. Nf3 c5
8. Bb5+ Nc6 9. O-O O-O 10. d5 Ne5 11. Nxe5 Bxe5 12. Be3 Bd7 13. Bxd7 Qxd7
14. Rc1 b6 15. f4 Bg7 16. c4 e6 17. Qd3 Rad8 18. Rcd1 Rfe8 19. d6 Qc6 20.
Bf2 e5 21. f5 Bf8 22. fxg6 hxg6 23. Bh4 Rxd6 24. Qf3 Qd7 25. Rd5 Rxd5 26.
cxd5 c4 27. Bf6 Qc7 28. Kh1 c3 29. Rc1 c2 30. Qb3 Qd6 31. Bh4 Rc8 32. Rxc2
Rxc2 33. Qxc2 Qb4 34. g4 Bc5 35. Kg2 Kg7 36. Bg3 Qd4 37. Bf2 Qb4 38. Bg3
Qd4 39. Bf2 Qb4 1/2-1/2

[Event "FIDE World Cup 2021"]
[Site "Krasnaya Polyana (Sochi) RUS"]
[Date "2021.07.23"]
[EventDate "2021.07.12"]
[Round "4.2"]
[Result "1/2-1/2"]
[White "Pentala Harikrishna"]
[Black "M Amin Tabatabaei"]
[WhiteElo "2730"]
[BlackElo "2705"]
[PlyCount "230"]

1. e4 e5 2. Nf3 Nc6 3. Bb5 a6 4. Ba4 Nf6 5. O-O Bc5 6. c3 b5 7. Bc2 d5 8.
d4 dxe4 9. Nxe5 Nxe5 10. dxc5 Qe7 11. Bg5 Bb7 12. Qe2 Nd3 13. Bxd3 exd3 14.
Qxe7+ Kxe7 15. Re1+ Kd7 16. Bxf6 gxf6 17. Re3 Rae8 18. Rxd3+ Kc6 19. Nd2
Kxc5 20. Kf1 Rd8 21. Nb3+ Kb6 22. Rad1 Rxd3 23. Rxd3 Rg8 24. f3 Bc8 25. Rd4
Be6 26. Rf4 Rg6 27. Rh4 h6 28. Nc1 a5 29. b3 c5 30. a3 f5 31. Kf2 Rf6 32.
Ke3 Kc6 33. g3 Kd6 34. Rf4 Rg6 35. b4 cxb4 36. cxb4 axb4 37. axb4 Bc4 38.
Rxf5 Re6+ 39. Kd2 Ke7 40. Nd3 Rd6 41. Re5+ Kf6 42. Re3 Ra6 43. Nb2 Be6 44.
h4 Ra1 45. g4 Rh1 46. h5 Ra1 47. Nd3 Bc4 48. Nc5 Rb1 49. Kc3 Kg7 50. Re5
Rf1 51. Rf5 Be2 52. Kd2 Bxf3 53. Ke3 Bg2 54. Rxf1 Bxf1 55. Ne4 f6 56. Nd6
Kg8 57. Ke4 Kg7 58. Kf5 Be2 59. Ne8+ Kf7 60. Nxf6 Bd3+ 61. Ne4 Kg7 62. Kf4
Be2 63. Ng3 Bc4 64. Ke5 Kh7 65. Kd6 Bd3 66. Ke6 Kg7 67. Nf5+ Kh7 68. Nd4
Bf1 69. Kf6 Bd3 70. Nc6 Bc4 71. Ne5 Bb3 72. Nd7 Bc4 73. Ke5 Kg7 74. Kf4 Bf1
75. Ne5 Kf6 76. Nf3 Kg7 77. Ke3 Kf6 78. Nd2 Bg2 79. Kf4 Kg7 80. Ne4 Bf1 81.
Ng3 Bc4 82. Nf5+ Kh7 83. g5 hxg5+ 84. Kxg5 Bd3 85. Ne3 Kg7 86. Ng4 Bf1 87.
h6+ Kh7 88. Nf6+ Kh8 89. Kf4 Be2 90. Ke3 Bf1 91. Kd2 Bc4 92. Kc3 Bf1 93.
Kd4 Be2 94. Ke5 Bf1 95. Kf5 Be2 96. Kg5 Bf1 97. Nd7 Kh7 98. Nf8+ Kh8 99.
Kf6 Be2 100. Ne6 Kh7 101. Nf4 Bc4 102. Kg5 Bf1 103. Nd5 Bc4 104. Nf6+ Kh8
105. Kf4 Bf1 106. Ke3 Bc4 107. Kd4 Bf1 108. Kc5 Bd3 109. Nd5 Kh7 110. Nc7
Kxh6 111. Nxb5 Kg7 112. Nd6 Kf6 113. Nc4 Ke7 114. b5 Bxc4 115. Kxc4 1/2-1/2

[Event "FIDE World Cup 2021"]
[Site "Krasnaya Polyana (Sochi) RUS"]
[Date "2021.07.23"]
[EventDate "2021.07.12"]
[Round "4.2"]
[Result "1/2-1/2"]
[White "Magnus Carlsen"]
[Black "Radoslaw Wojtaszek"]
[WhiteElo "2847"]
[BlackElo "2688"]
[PlyCount "68"]

1. e4 c5 2. Nf3 d6 3. Bb5+ Nd7 4. d4 cxd4 5. Nxd4 Nf6 6. O-O a6 7. Ba4 e6
8. c4 Be7 9. Nc3 O-O 10. Qe2 Qc7 11. f4 Nb6 12. Bb3 e5 13. Nf5 Bxf5 14.
exf5 Rfe8 15. g4 exf4 16. Bxf4 Bf8 17. Qg2 Nxc4 18. g5 Nh5 19. Nd5 Qc5+ 20.
Kh1 b5 21. g6 Rab8 22. Rad1 Nxf4 23. Rxf4 Re5 24. Rh4 Rxf5 25. Bc2 Qf2 26.
gxf7+ Kxf7 27. Bxf5 Qxh4 28. Rf1 Kg8 29. Rf4 Qe1+ 30. Rf1 Qe5 31. Qh3 Qxd5+
32. Rf3 Qd1+ 33. Rf1 Qd5+ 34. Rf3 Qd1+ 1/2-1/2

[Event "FIDE World Cup 2021"]
[Site "Krasnaya Polyana (Sochi) RUS"]
[Date "2021.07.24"]
[EventDate "2021.07.12"]
[Round "4.3"]
[Result "1/2-1/2"]
[White "Radoslaw Wojtaszek"]
[Black "Magnus Carlsen"]
[WhiteElo "2691"]
[BlackElo "2847"]
[PlyCount "72"]

1. d4 Nf6 2. c4 e6 3. g3 d5 4. Bg2 Bb4+ 5. Bd2 a5 6. Nf3 O-O 7. Qc2 c5 8. cxd5
cxd4 9. Nxd4 Qb6 10. e3 exd5 11. O-O Nc6 12. Nxc6 bxc6 13. Rc1 Qb8 14. Bxb4 axb4
15. Nd2 Bd7 16. Nb3 h5 17. Nc5 Bc8 18. h4 Re8 19. a4 bxa3 20. bxa3 Re7 21. a4
Rea7 22. Qc3 Ra5 23. Nd3 Rxa4 24. Rxa4 Rxa4 25. Qxc6 Bd7 26. Qc5 Qb5 27. Qxb5
Bxb5 28. Nf4 Bc4 29. Rd1 Ra5 30. Bf3 g6 31. Kg2 Kg7 32. Rd4 Rb5 33. Rd1 Rb2 34.
Rd4 Rb5 35. Rd1 Rb2 36. Rd4 Rb5 1/2-1/2

[Event "FIDE World Cup 2021"]
[Site "Krasnaya Polyana (Sochi) RUS"]
[Date "2021.07.24"]
[EventDate "2021.07.12"]
[Round "4.3"]
[Result "1-0"]
[White "Nodirbek Abdusattorov"]
[Black "Vasif Durarbayli"]
[WhiteElo "2634"]
[BlackElo "2625"]
[PlyCount "86"]

1. e4 e5 2. Nf3 Nc6 3. Bb5 a6 4. Bxc6 dxc6 5. O-O Ne7 6. Nxe5 Qd4 7. Qh5 g6 8.
Nf3 Qxe4 9. Nc3 Qf5 10. Qh4 Bg7 11. d3 Qg4 12. Bf4 Qxh4 13. Nxh4 Kd8 14. Nf3 h6
15. Rfe1 Re8 16. h4 Bg4 17. Ne5 Be6 18. Ne4 b6 19. Re2 Kc8 20. Nc4 Nf5 21. Rae1
Rd8 22. Ne5 Kb7 23. Nf3 Bxa2 24. b3 a5 25. Be5 Bxe5 26. Nxe5 a4 27. bxa4 Be6 28.
Rb1 Ra5 29. f4 Nxh4 30. c4 g5 31. c5 f5 32. Nd6+ cxd6 33. Rxb6+ Kc7 34. Rxc6+
Kb7 35. cxd6 Ka8 36. Rb2 Bd5 37. Rcb6 Nxg2 38. d7 Ka7 39. Rb8 Rxd7 40. Nxd7 Nxf4
41. Rc8 Ne6 42. Nb6 Bb7 43. Ra8+ 1-0

[Event "FIDE World Cup 2021"]
[Site "Krasnaya Polyana (Sochi) RUS"]
[Date "2021.07.24"]
[EventDate "2021.07.12"]
[Round "4.3"]
[Result "1-0"]
[White "Alexander Grischuk"]
[Black "Anton Korobov"]
[WhiteElo "2778"]
[BlackElo "2683"]
[PlyCount "88"]

1. e4 e5 2. Nf3 Nc6 3. Bb5 a6 4. Ba4 Nf6 5. O-O Be7 6. Re1 b5 7. Bb3 O-O 8. d3
d6 9. Bd2 Bg4 10. c3 Na5 11. Bc2 c5 12. h3 Bd7 13. Be3 Nc6 14. d4 exd4 15. cxd4
Nb4 16. Nc3 Nxc2 17. Qxc2 cxd4 18. Bxd4 Rc8 19. a3 Qc7 20. Rad1 h6 21. Qd3 Qb7
22. Bxf6 Bxf6 23. e5 Be7 24. exd6 Bd8 25. Re7 Bxe7 26. dxe7 Rfe8 27. Qxd7 Rxe7
28. Qf5 Rce8 29. Nd5 Re6 30. Ne3 Qc7 31. Qd5 Rc6 32. Qd2 Rc8 33. Nd5 Qd6 34. Nh4
Rc2 35. Qd3 Qc5 36. Qg3 Rc1 37. Rxc1 Qxc1+ 38. Kh2 Rd8 39. Qe5 g6 40. Nf6+ Kf8
41. Nh7+ Kg8 42. Nf6+ Kf8 43. Nd5 Kg8 44. Nxg6 1-0

[Event "FIDE World Cup 2021"]
[Site "Krasnaya Polyana (Sochi) RUS"]
[Date "2021.07.24"]
[EventDate "2021.07.12"]
[Round "4.3"]
[Result "1/2-1/2"]
[White "Pavel Ponkratov"]
[Black "Etienne Bacrot"]
[WhiteElo "2629"]
[BlackElo "2678"]
[PlyCount "104"]

1. e4 c5 2. Nf3 d6 3. d4 cxd4 4. Nxd4 Nf6 5. Nc3 Nc6 6. Bg5 e6 7. Qd2 a6 8.
O-O-O Bd7 9. f4 Be7 10. Nf3 b5 11. e5 b4 12. exf6 bxc3 13. Qxc3 gxf6 14. Kb1 Rg8
15. Bh4 Rb8 16. h3 h5 17. f5 e5 18. Be1 Qb6 19. g4 d5 20. Rxd5 Bb4 21. Qb3 Bxe1
22. Nxe1 hxg4 23. hxg4 Qxb3 24. axb3 Rxg4 25. Ng2 Bxf5 26. Ne3 Be4 27. Nxg4 Bxh1
28. Rd3 Ke7 29. Nf2 Rh8 30. Bh3 Rg8 31. c3 Rg1+ 32. Ka2 Nb8 33. b4 Bc6 34. c4
Nd7 35. Ra3 Bb7 36. Ng4 Be4 37. Re3 Bb1+ 38. Ka3 Nb8 39. b5 axb5 40. cxb5 Nd7
41. Rc3 Bf5 42. Nxe5 Bxh3 43. Nc6+ Kd6 44. Rxh3 Kc5 45. Rc3+ Kxb5 46. Nd4+ Kb6
47. Rc6+ Kb7 48. Rd6 Ne5 49. Rxf6 Rg4 50. Nb5 Nc4+ 51. Ka2 Rg2 52. Rxf7+ 1/2-1/2

[Event "FIDE World Cup 2021"]
[Site "Krasnaya Polyana (Sochi) RUS"]
[Date "2021.07.24"]
[EventDate "2021.07.12"]
[Round "4.3"]
[Result "1-0"]
[White "Vladislav Artemiev"]
[Black "Sergey Karjakin"]
[WhiteElo "2704"]
[BlackElo "2757"]
[PlyCount "52"]

1. Nf3 d5 2. g3 g6 3. Bg2 Bg7 4. O-O e5 5. d3 Nc6 6. Nc3 Nge7 7. e4 d4 8. Ne2
O-O 9. c3 a5 10. Qc2 a4 11. cxd4 exd4 12. Bd2 h6 13. b4 axb3 14. axb3 Rxa1 15.
Rxa1 Qd6 16. Bf4 Qd8 17. Ra8 g5 18. Bc1 Nb4 19. Qc4 c5 20. Ba3 g4 21. Nfxd4 Nxd3
22. Qxd3 cxd4 23. e5 Bxe5 24. Qe4 Qc7 25. Bxe7 Qxe7 26. Rxc8 1-0

[Event "FIDE World Cup 2021"]
[Site "Krasnaya Polyana (Sochi) RUS"]
[Date "2021.07.24"]
[EventDate "2021.07.12"]
[Round "4.3"]
[Result "0-1"]
[White "Dmitry Andreikin"]
[Black "Velimir Ivic"]
[WhiteElo "2724"]
[BlackElo "2582"]
[PlyCount "162"]

1. Nf3 Nf6 2. b3 g6 3. Bb2 Bg7 4. g3 O-O 5. Bg2 d6 6. d4 a5 7. c4 a4 8. Nbd2 a3
9. Bc3 c5 10. O-O Nc6 11. e3 Bf5 12. Qe2 Ne4 13. Nxe4 Bxe4 14. Rfd1 e6 15. Rac1
Qe7 16. Ne1 Bxg2 17. Nxg2 cxd4 18. exd4 d5 19. Ne3 Rfd8 20. c5 b6 21. Qb5 Na7
22. Qxb6 Rdb8 23. Qa6 Nb5 24. Qc6 Qd8 25. Ba1 h5 26. Ng2 Bf8 27. Ne3 Nc7 28. Nc4
dxc4 29. bxc4 Na6 30. Qf3 Qg5 31. c6 Qf5 32. Qxf5 gxf5 33. d5 exd5 34. cxd5 Bd6
35. Rc4 Rb4 36. Rc3 Nc7 37. Rf3 Rab8 38. Kg2 Rb1 39. Rxb1 Rxb1 40. Bf6 Rb5 41.
Rxf5 Rxd5 42. Rf3 Ne6 43. h4 Kh7 44. Ba1 f5 45. Re3 Nc7 46. Bf6 Rc5 47. Be7 Nb5
48. Bxd6 Nxd6 49. Re7+ Kg8 50. c7 Kf8 51. Rd7 Ne8 52. Rh7 Rxc7 53. Rxh5 Rc2 54.
Rxf5+ Kg7 55. Ra5 Rxa2 56. g4 Nd6 57. g5 Nc4 58. Ra7+ Kg6 59. Kg3 Rb2 60. Kg4
Ne5+ 61. Kf4 Nd3+ 62. Ke3 Rb3 63. Ra6+ Kf5 64. Ra5+ Ke6 65. f4 a2 66. f5+ Kd6
67. f6 Nc5+ 68. Ke2 Rb2+ 69. Kf3 Ke6 70. Kg4 Rb4+ 71. Kh5 Ra4 72. Rxc5 a1=Q 73.
Rc6+ Kd5 74. f7 Qh8+ 75. Rh6 Qf8 76. Rf6 Ke5 77. Kg6 Rxh4 78. Re6+ Kf4 79. Re8
Qd6+ 80. Kg7 Kxg5 81. f8=Q Qg6# 0-1

[Event "FIDE World Cup 2021"]
[Site "Krasnaya Polyana (Sochi) RUS"]
[Date "2021.07.24"]
[EventDate "2021.07.12"]
[Round "4.3"]
[Result "1-0"]
[White "Peter Svidler"]
[Black "Nikita Vitiugov"]
[WhiteElo "2714"]
[BlackElo "2724"]
[PlyCount "90"]

1. e4 c5 2. Nf3 d6 3. Bb5+ Nd7 4. d4 cxd4 5. Nxd4 Nf6 6. O-O a6 7. Ba4 e6 8. c4
Be7 9. Nc3 O-O 10. Qe2 Qc7 11. f4 Nb6 12. Bb3 e5 13. Nf5 Bxf5 14. exf5 Rfe8 15.
g4 d5 16. cxd5 Nfxd5 17. Bxd5 Nxd5 18. Nxd5 Qc5+ 19. Ne3 exf4 20. Rxf4 Bg5 21.
Rf3 Rad8 22. Kf1 Qd4 23. a4 Qe4 24. Ra3 Rc8 25. Rc3 Rxc3 26. bxc3 Qxa4 27. Kg2
Qe4 28. Qf2 a5 29. h4 Bf6 30. Qc2 Qc6 31. g5 Bxc3 32. Nd1 Bb4 33. Qxc6 bxc6 34.
Rd3 Kf8 35. Kf3 Re1 36. Bb2 Rf1+ 37. Kg4 Rg1+ 38. Kh5 Kg8 39. Rd8+ Bf8 40. Bxg7
Kxg7 41. f6+ Kg8 42. Ne3 h6 43. Nf5 hxg5 44. Ne7+ Kh7 45. Rxf8 1-0

[Event "FIDE World Cup 2021"]
[Site "Krasnaya Polyana (Sochi) RUS"]
[Date "2021.07.24"]
[EventDate "2021.07.12"]
[Round "4.4"]
[Result "1-0"]
[White "Magnus Carlsen"]
[Black "Radoslaw Wojtaszek"]
[WhiteElo "2847"]
[BlackElo "2691"]
[PlyCount "96"]

1. d4 Nf6 2. c4 e6 3. Nc3 Bb4 4. e3 O-O 5. Bd3 c5 6. Ne2 d5 7. cxd5 cxd4 8. exd4
Nxd5 9. O-O Nc6 10. Nxd5 exd5 11. Nf4 Bd6 12. Be3 Bxf4 13. Bxf4 Qf6 14. Be3 Nb4
15. Bb1 Bf5 16. Qb3 Bxb1 17. Raxb1 Qd6 18. a3 Na6 19. Rbc1 Qd7 20. Bf4 Rac8 21.
Qg3 f6 22. h4 Rxc1 23. Rxc1 Rc8 24. Rxc8+ Qxc8 25. b4 b5 26. h5 Qd7 27. Qf3 h6
28. Qc3 Qf5 29. g3 Qd7 30. Qc2 Kf8 31. Qh7 Nc7 32. Bxh6 Qg4 33. Be3 Ne6 34. Qh8+
Kf7 35. Qc8 Qe4 36. Qd7+ Kg8 37. Qxa7 Ng5 38. Bxg5 Qe1+ 39. Kg2 Qe4+ 40. Kh2
fxg5 41. Qb8+ Kf7 42. Qc7+ Kf6 43. Qd6+ Kf7 44. Qg6+ Qxg6 45. hxg6+ Kxg6 46. g4
Kf6 47. Kg3 Ke6 48. Kf3 1-0

[Event "FIDE World Cup 2021"]
[Site "Krasnaya Polyana (Sochi) RUS"]
[Date "2021.07.24"]
[EventDate "2021.07.12"]
[Round "4.4"]
[Result "1-0"]
[White "Vasif Durarbayli"]
[Black "Nodirbek Abdusattorov"]
[WhiteElo "2625"]
[BlackElo "2634"]
[PlyCount "106"]

1. e4 e6 2. d4 d5 3. e5 c5 4. c3 Qb6 5. Nf3 Nc6 6. Be2 cxd4 7. cxd4 Nh6 8. Bxh6
Qxb2 9. Nbd2 gxh6 10. O-O Bd7 11. Nb3 Rc8 12. a3 Bxa3 13. Ne1 Nb4 14. Nc5 Nc6
15. Ned3 Qc3 16. Na4 Qa5 17. Rxa3 Nxd4 18. Bh5 b5 19. Ndc5 Qb4 20. Rd3 Nc6 21.
Nxd7 Kxd7 22. Nc3 Ne7 23. Qd2 Ng6 24. Bxg6 hxg6 25. Rb1 Qc4 26. Rxb5 Rb8 27. Ra5
Rb7 28. g3 Rhb8 29. Ra4 Qc6 30. Rf3 Ke8 31. Qxh6 Qc5 32. Kg2 a5 33. Qh8+ Qf8 34.
Qxf8+ Kxf8 35. Rxa5 Rc8 36. Ne2 Rc4 37. Rf4 Rbc7 38. h4 Kg7 39. Nd4 Rc1 40. Nf3
R1c2 41. Nd4 Rc1 42. Ra2 Re1 43. Re2 Rd1 44. Nb5 Rd7 45. Nd6 Kf8 46. Ra2 f5 47.
Ra8+ Kg7 48. Re8 d4 49. Rxe6 d3 50. Rd4 Ra7 51. h5 d2 52. Rxg6+ Kh7 53. Nxf5 1-0

[Event "FIDE World Cup 2021"]
[Site "Krasnaya Polyana (Sochi) RUS"]
[Date "2021.07.24"]
[EventDate "2021.07.12"]
[Round "4.4"]
[Result "1/2-1/2"]
[White "Anton Korobov"]
[Black "Alexander Grischuk"]
[WhiteElo "2683"]
[BlackElo "2778"]
[PlyCount "64"]

1. d4 Nf6 2. c4 e6 3. Nc3 Bb4 4. e3 O-O 5. Bd2 d5 6. Nf3 c5 7. a3 Bxc3 8. Bxc3
cxd4 9. Bxd4 Nc6 10. c5 a5 11. Rc1 a4 12. Be2 Ne4 13. O-O Qe7 14. Ne5 f6 15. Nd3
e5 16. Bc3 Nxc3 17. Rxc3 d4 18. exd4 Nxd4 19. Nb4 Be6 20. Bc4 Rfd8 21. h3 Bxc4
22. Rxc4 Nb3 23. Qc2 Nd2 24. c6 Nxc4 25. Qxc4+ Qf7 26. Qxf7+ Kxf7 27. cxb7 Rab8
28. Nc6 Re8 29. Nxb8 Rxb8 30. Rc1 Rxb7 31. Rc2 Ke6 32. Kf1 f5 1/2-1/2

[Event "FIDE World Cup 2021"]
[Site "Krasnaya Polyana (Sochi) RUS"]
[Date "2021.07.24"]
[EventDate "2021.07.12"]
[Round "4.4"]
[Result "1-0"]
[White "Etienne Bacrot"]
[Black "Pavel Ponkratov"]
[WhiteElo "2678"]
[BlackElo "2629"]
[PlyCount "88"]

1. e4 e6 2. d4 d5 3. e5 c5 4. c3 Nc6 5. Nf3 Qb6 6. Be2 Nh6 7. Bxh6 gxh6 8. Qd2
Rg8 9. O-O Bd7 10. dxc5 Bxc5 11. b4 Bf8 12. Re1 Rg4 13. Bd3 d4 14. a3 dxc3 15.
Nxc3 Nd4 16. Qe3 Bc6 17. Be4 O-O-O 18. Rad1 Bxe4 19. Nxe4 Nc6 20. Rxd8+ Nxd8 21.
Rc1+ Nc6 22. Nf6 Qxe3 23. fxe3 Rg6 24. b5 Bxa3 25. Rc2 Be7 26. bxc6 Bxf6 27.
exf6 Rxf6 28. cxb7+ Kxb7 29. Rb2+ Kc6 30. Ne5+ Kd5 31. Ng4 Rg6 32. Nf2 Kc6 33.
Nd3 Rg5 34. e4 a5 35. Kf2 a4 36. Ke3 Ra5 37. Kd4 a3 38. Ra2 Ra4+ 39. Ke5 Kb5 40.
Ne1 Kc4 41. Nc2 Ra5+ 42. Kf6 Rg5 43. Rxa3 Kb5 44. Rg3 1-0